Mosby's textbook for long-term care nursing assistants / (Record no. 81830)

MARC details
000 -LEADER
fixed length control field 01461nam a22003857a 4500
003 - CONTROL NUMBER IDENTIFIER
control field URS
005 - DATE AND TIME OF LATEST TRANSACTION
control field 20250113205731.0
008 - FIXED-LENGTH DATA ELEMENTS--GENERAL INFORMATION
fixed length control field 250113b |||||||| |||| 00| 0 eng d
020 ## - INTERNATIONAL STANDARD BOOK NUMBER
International Standard Book Number 978-0-323-87488-5
040 ## - CATALOGING SOURCE
Language of cataloging English
Transcribing agency URS
Description conventions rda
050 00 - LIBRARY OF CONGRESS CALL NUMBER
Classification number RT84
Item number .K848 2024
100 ## - MAIN ENTRY--PERSONAL NAME
Personal name Kostelnick, Clare,
Relator term author.
9 (RLIN) 6162
245 ## - TITLE STATEMENT
Title Mosby's textbook for long-term care nursing assistants /
Statement of responsibility, etc Clare Kostelnick.
260 ## - PUBLICATION, DISTRIBUTION, ETC. (IMPRINT)
Place of publication, distribution, etc St. Louis :
Name of publisher, distributor, etc Mosby,
Date of publication, distribution, etc ©2024.
300 ## - PHYSICAL DESCRIPTION
Extent xxii, 677 pages ;
Other physical details illustrations ;
Dimensions 28 cm.
336 ## - CONTENT TYPE
Content type term text
Content type code txt
Source rdacontent
337 ## - MEDIA TYPE
Media type term unmediated
Media type code n
Source rdamedia
338 ## - CARRIER TYPE
Carrier type term volume
Carrier type code nc
Source rdacarrier
504 ## - BIBLIOGRAPHY, ETC. NOTE
Bibliography, etc Includes bibliographical references.
588 ## - SOURCE OF DESCRIPTION NOTE
Source of description note Latest issue consulted: 2009.
650 #0 - SUBJECT ADDED ENTRY--TOPICAL TERM
Topical term or geographic name as entry element Nurses' aides
General subdivision Textbooks.
9 (RLIN) 6163
650 #0 - SUBJECT ADDED ENTRY--TOPICAL TERM
Topical term or geographic name as entry element Long-term care of the sick
General subdivision Textbooks.
9 (RLIN) 6164
650 #0 - SUBJECT ADDED ENTRY--TOPICAL TERM
Topical term or geographic name as entry element Nursing care
General subdivision Methods.
9 (RLIN) 4278
650 #0 - SUBJECT ADDED ENTRY--TOPICAL TERM
Topical term or geographic name as entry element Nursing assistants.
9 (RLIN) 6165
655 #2 - INDEX TERM--GENRE/FORM
Genre/form data or focus term Handbook.
655 #2 - INDEX TERM--GENRE/FORM
Genre/form data or focus term Nurses Instruction.
655 #7 - INDEX TERM--GENRE/FORM
Genre/form data or focus term Handbooks and manuals.
Source of term fast
Authority record control number (OCoLC)fst01423877
655 #7 - INDEX TERM--GENRE/FORM
Genre/form data or focus term Handbooks and manuals.
Source of term lcgft
776 08 - ADDITIONAL PHYSICAL FORM ENTRY
Display text Online version:
Title Prentice Hall nurse's drug guide
Record control number (OCoLC)607225856
776 08 - ADDITIONAL PHYSICAL FORM ENTRY
Display text Online version:
Title Prentice Hall nurse's drug guide
Record control number (OCoLC)607590947
780 00 - PRECEDING ENTRY
Title Prentice Hall nursing drug guide
Record control number (DLC) 2001205504
-- (OCoLC)44872977
785 00 - SUCCEEDING ENTRY
Title Pearson nurse's drug guide
Record control number (DLC) 2009243480
-- (OCoLC)388256833
942 ## - ADDED ENTRY ELEMENTS (KOHA)
Source of classification or shelving scheme Library of Congress Classification
Koha item type Reserved Books
Holdings
Withdrawn status Lost status Source of classification or shelving scheme Damaged status Not for loan Collection code Home library Current library Shelving location Date acquired Source of acquisition Total Checkouts Full call number Barcode Date last seen Copy number Koha item type
    Library of Congress Classification     Non-fiction Taytay College Library Taytay College Library Reserve Section 12/12/2024 Purchased   RT84 .K848 2024 URSTAY-5657 06/03/2025 1 Reserved Books

University of Rizal System
Email us at univlibservices@urs.edu.ph

Visit our Website www.urs.edu.ph/library